Linkin Park Albums Tile Select - Statistics

General Stats
  • This quiz has been taken 320 times
  • The average score is 37 of 45
Answer Stats
Question Tile Select % Correct
the following songs that are on Hybrid Theory (2000). In the End Yes
96%
the following songs that are on Meteora (2003). Numb Yes
96%
the following songs that are on Hybrid Theory (2000). One Step Closer Yes
96%
the following songs that are on Hybrid Theory (2000). Easier to Run No
95%
the following songs that are on Meteora (2003). Breaking the Habit Yes
94%
the following songs that are on Hybrid Theory (2000). Faint No
93%
the following songs that are on Meteora (2003). Papercut No
93%
the following songs that are on Meteora (2003). Cure for the Itch No
92%
the following songs that are on Hybrid Theory (2000). Points of Authority Yes
92%
the following songs that are on Minutes to Midnight (2007). Bleed It Out Yes
91%
the following songs that are on Hybrid Theory (2000). Lying from You No
91%
the following songs that are on Minutes to Midnight (2007). Nobody's Listening No
91%
the following songs that are on Minutes to Midnight (2007). What I've Done Yes
91%
the following songs that are on Hybrid Theory (2000). A Place for My Head Yes
90%
the following songs that are on Meteora (2003). Crawling No
90%
the following songs that are on Minutes to Midnight (2007). Somewhere I Belong No
90%
the following songs that are on Meteora (2003). By Myself No
88%
the following songs that are on Minutes to Midnight (2007). No More Sorrow Yes
88%
the following songs that are on A Thousand Suns (2010). Given Up No
87%
the following songs that are on Minutes to Midnight (2007). Iridescent No
87%
the following songs that are on Living Things (2012). Lost in the Echo Yes
87%
the following songs that are on Meteora (2003). From the Inside Yes
86%
the following songs that are on Meteora (2003). Don't Stay Yes
85%
the following songs that are on Minutes to Midnight (2007). Leave Out All the Rest Yes
85%
the following songs that are on A Thousand Suns (2010). Waiting for the End Yes
84%
the following songs that are on Meteora (2003). Hit the Floor Yes
83%
the following songs that are on Hybrid Theory (2000). Runaway Yes
83%
the following songs that are on Minutes to Midnight (2007). Valentine's Day Yes
81%
the following songs that are on Hybrid Theory (2000). Forgotten Yes
79%
the following songs that are on Living Things (2012). Invisible No
79%
the following songs that are on A Thousand Suns (2010). Wretches and Kings Yes
79%
the following songs that are on Living Things (2012). In My Remains Yes
78%
the following songs that are on Living Things (2012). Roads Untraveled Yes
77%
the following songs that are on Living Things (2012). Wastelands No
77%
the following songs that are on A Thousand Suns (2010). Castle of Glass No
75%
the following songs that are on Living Things (2012). Final Masquerade No
75%
the following songs that are on Minutes to Midnight (2007). In Pieces Yes
75%
the following songs that are on Living Things (2012). Lies Greed Misery Yes
74%
the following songs that are on A Thousand Suns (2010). Powerless No
74%
the following songs that are on A Thousand Suns (2010). Robot Boy Yes
74%
the following songs that are on A Thousand Suns (2010). In Between No
73%
the following songs that are on Living Things (2012). The Catalyst No
73%
the following songs that are on A Thousand Suns (2010). I'll Be Gone No
70%
the following songs that are on Living Things (2012). Until It Breaks Yes
64%
the following songs that are on A Thousand Suns (2010). Burning in the Skies Yes
48%
No matching quizzes found
Score Distribution
Percent of People with Each Score
Percentile by Number Answered
Your Score History
You have not taken this quiz